000 00588nam a2200193 i 4500
001 78374
003 ES-MaACL
005 20230906173657.0
007 t|
008 041014s1964 sp ||||1| spa d
100 1 _aHazlitt, Henry (
_d1894-1993)
_962231
245 1 3 _aEl gran descubrimiento /
_cHenry Hazlitt.
260 _aValencia :
_bFundación Ignacio Villalonga,
_c1964.
300 _a630 p. ;
_c22 cm.
490 1 _aBiblioteca de Estudios Económicos
830 0 _aBiblioteca de Estudios Económicos
_9182693
852 _aES-MaACL
_jC-25948
_bR.54840
999 _c78374
_d78374